Normal view
MARC view
Entry Topical Term
001 - CONTROL NUMBER
- control field: 245749
003 - CONTROL NUMBER IDENTIFIER
- control field: OSt
005 - DATE AND TIME OF LATEST TRANSACTION
- control field: 20251115124427.0
008 - FIXED-LENGTH DATA ELEMENTS
- fixed length control field: 251115|| aca||aabn | a|a d
040 ## - CATALOGING SOURCE
- Original cataloging agency: OSt
- Transcribing agency: OSt
150 ## - HEADING--TOPICAL TERM
- Topical term or geographic name entry element: Samaya-sandarbha-sannivesha
670 ## - SOURCE DATA FOUND
- Source citation: Work cat.: (OSt)133805: VENKATASUBBAYYA (G) ವೆಂಕಟಸುಬ್ಬಯ್ಯ (ಜಿ) 245748, Samaya-sandarbha-sannivesha, 2008